| 000 | 00872nam a2200121Ia 4500 | ||
|---|---|---|---|
| 008 | 220615s9999||||xx |||||||||||||| ||und|| | ||
| 245 | 0 |
_aKnowledge for Justice _bCritical Perspectives from Southern African-Nordic Research Partnerships |
|
| 546 | _aEnglish[eng] | ||
| 650 | _aknowledge||SDGs||networks||research collaboration||Higher education||Neoliberalism||Rand Water||South Africa||Sustainable Development Goals||Sweden | ||
| 700 | _aHalvorsen, Tor||Evans, Henri-Count||Penderis, Sharon | ||
| 856 | _uhttps://library.oapen.org/bitstream/20.500.12657/29419/1/9781928331636_book_148x210.pdf||https://library.oapen.org/bitstream/20.500.12657/29419/1/9781928331636_book_148x210.pdf||https://library.oapen.org/bitstream/20.500.12657/29419/1/9781928331636_book_148x210.pdf||https://library.oapen.org/bitstream/20.500.12657/29419/1/9781928331636_book_148x210.pdf | ||
| 942 | _cEB | ||
| 999 |
_c15714 _d15714 |
||